| 000 | 00560cam a22002171 4500 | ||
|---|---|---|---|
| 001 | sa 63001465 | ||
| 003 | DLC | ||
| 005 | 20260227111927.0 | ||
| 008 | 890705s1962 ii 000 0 urdo | ||
| 010 | _asa 63001465 | ||
| 035 | _a(OCoLC)19963627 | ||
| 040 |
_aDLC _cWaU _dDLC |
||
| 042 | _apremarc | ||
| 050 | 0 | 0 |
_aPK2184 _b.A79 |
| 100 | 1 |
_aAśka, Upendranātha, _d1910-1996. |
|
| 245 | 1 | 0 | _aUrdū kī behatarīna g̲h̲azaleṃ. |
| 260 | _c[1962] | ||
| 300 |
_a136 p. _c19 cm. |
||
| 500 | _aIn Urdu, in Devanagari characters. | ||
| 650 | 0 | _aUrdu poetry. | |
| 999 |
_c53972 _d53972 |
||